[Event "Prague"]
[Site "?"]
[Date "1990.??.??"]
[Round "?"]
[White "Timman, Jan H"]
[Black "Ftacnik, Lubomir"]
[Result "1/2-1/2"]
[WhiteElo "2680"]
[BlackElo "2560"]
[PlyCount "22"]
[EventDate "1990.??.??"]
[Source "www.chesslib.no"]
[SourceDate "2004.05.04"]

1. c3 b5 2. f3 Nc6 3. b4 d5 4. d4 Be6 5. c4 Rc8 6. Nd2 a5 7. Qc2 Qd6 8. Qd1 Qc5 9. Rb1 Nxd4 10. Bb2 Rd8 11. Ra1 Nc2+ 1/2-1/2

[Event "Ch Yugoslavia"]
[Site "?"]
[Date "1999.??.??"]
[Round "2"]
[White "Markovic Miroslav"]
[Black "Pavlovic Milos"]
[Result "1/2-1/2"]
[WhiteElo "2586"]
[BlackElo "2500"]
[PlyCount "81"]
[EventDate "1999.??.??"]
[Source "www.chesslib.no"]
[SourceDate "2004.05.04"]

1. c3 c5 2. g3 g6 3. d4 cxd4 4. cxd4 d5 5. Bg2 Bg7 6. Nc3 e6 7. Nf3 Nc6 8. O-O Nge7 9. Bf4 O-O 10. Rc1 Nf5 11. e3 Bd7 12. Bh3 Nfe7 13. Bd6 Rc8 14. Re1 Re8 15. Ba3 a6 16. b3 Na7 17. Bf1 Qa5 18. Bb2 Nb5 19. Na4 Rxc1 20. Bxc1 Nd6 21. Bd2 Qc7 22. Qc1 Qb8 23. Ba5 Rc8 24. Qa3 Bxa4 25. Qxa4 Nc6 26. Bb6 Ne4 27. Rc1 Bf8 28. Kg2 Nb4 29. Ba7 Qa8 30. Bc5 Nxc5 31. Qxb4 Ne4 32. Qe1 Ba3 33. Rxc8+ Qxc8 34. Bd3 Nf6 35. h3 Qc7 36. g4 Bd6 37. Qb1 Kg7 38. b4 Nd7 39. h4 Qc3 40. b5 a5 41. g5 1/2-1/2

[Event "16th Maccabia GM, Tel Aviv ISR"]
[Site "?"]
[Date "2001.??.??"]
[Round "6"]
[White "Roiz, M."]
[Black "Golod, V."]
[Result "1/2-1/2"]
[WhiteElo "2510"]
[BlackElo "2510"]
[PlyCount "26"]
[EventDate "2001.??.??"]
[Source "www.chesslib.no"]
[SourceDate "2004.05.04"]

1. c3 Nf6 2. Nf3 c5 3. d3 g6 4. Bg5 Bg7 5. Nbd2 d6 6. e4 O-O 7. Be2 b6 8. O-O Bb7 9. a4 a6 10. Re1 Nbd7 11. Bf1 h6 12. Bh4 g5 13. Bg3 Nh5 1/2-1/2

[Event "Budapest FS12 GM"]
[Site "Budapest"]
[Date "1997.??.??"]
[Round "10"]
[White "Barczay, Laszlo"]
[Black "Lugovoi, Aleksei"]
[Result "0-1"]
[WhiteElo "2395"]
[BlackElo "2520"]
[PlyCount "81"]
[EventDate "1997.12.??"]
[Source "ChessBase"]
[SourceDate "1998.03.09"]

1. c3 Nf6 2. Nf3 e6 3. g3 d5 4. Bg2 c5 5. O-O Nc6 6. d4 Be7 7. a3 a5 8. a4 O-O 9. Na3 b6 10. Nb5 Bb7 11. Bf4 Rc8 12. Ne5 Nxe5 13. Bxe5 Qd7 14. dxc5 bxc5 15. e4 Rfd8 16. exd5 exd5 17. Re1 Bc6 18. Qe2 Re8 19. Qf1 Ng4 20. Bf4 f5 21. Rad1 Nf6 22. Be5 Ne4 23. f3 Ng5 24. h4 Nf7 25. f4 c4 26. Kh1 Bf8 27. Bd4 Rb8 28. Rxe8 Rxe8 29. Bb6 Rb8 30. Bxa5 Nh6 31. Bb4 Bxb4 32. cxb4 Ng4 33. Qg1 Nf6 34. Qd4 Bxb5 35. axb5 Rxb5 36. Ra1 h6 37. Ra8+ Kh7 38. Ra7 Qe8 39. Qe5 Qxe5 40. fxe5 Ne4 41. Bxe4 0-1

[Event "XIX Czech Oce Open"]
[Site "Pardubice CEC"]
[Date "2008.07.13"]
[Round "7"]
[White "Kireev, Al"]
[Black "Kabanov, N."]
[Result "1/2-1/2"]
[WhiteElo "2387"]
[BlackElo "2521"]
[PlyCount "32"]
[EventDate "2008.07.10"]
[Source "www.chesslib.no"]
[SourceDate "2004.05.04"]

1. c3 d5 2. d4 c6 3. Nf3 Bf5 4. Bf4 e6 5. e3 Nd7 6. Nbd2 h6 7. h3 g5 8. Bh2 Bg7 9. Qb3 b5 10. a4 a6 11. Qa3 Rc8 12. axb5 axb5 13. Be2 Ne7 14. O-O O-O 15. Qd6 Nf6 16. Ra7 Ng6 1/2-1/2

[Event "Mondariz-B"]
[Site "?"]
[Date "1999.??.??"]
[Round "8"]
[White "Mitkov Nikola"]
[Black "Martinez Martin David"]
[Result "0-1"]
[WhiteElo "2505"]
[BlackElo "2390"]
[PlyCount "98"]
[EventDate "1999.??.??"]
[Source "www.chesslib.no"]
[SourceDate "2004.05.04"]

1. c3 e5 2. e4 Nf6 3. d4 Nxe4 4. dxe5 d5 5. Be3 Be6 6. Nf3 Nd7 7. Be2 Be7 8. Nbd2 Nxd2 9. Qxd2 O-O 10. O-O c5 11. Rfe1 Qc7 12. Bf4 Rab8 13. Bd3 Rfd8 14. Ng5 Nf8 15. Bg3 Bxg5 16. Qxg5 c4 17. Bc2 d4 18. cxd4 Rxd4 19. Qe3 Qb6 20. Re2 Rbd8 21. h3 Ng6 22. Rae1 Ne7 23. Qg5 Nd5 24. Be4 h6 25. Qc1 Nb4 26. Qe3 Nd3 27. Rb1 Qc5 28. Bxb7 Bf5 29. Qf3 Nf4 30. Bxf4 Bxb1 31. Kh2 Qe7 32. Qg3 Qxb7 33. Bxh6 Bg6 34. Bg5 Re8 35. e6 Re4 36. exf7+ Qxf7 37. Rd2 Re2 38. Rd6 Rxf2 39. Bh4 Rf4 40. Bg5 Rf5 41. Rc6 Rfe5 42. Bf4 Re4 43. Bd2 Bh5 44. Rc7 Qg6 45. Bg5 Re2 46. h4 Rxg2+ 47. Qxg2 Qd6+ 48. Bf4 Qxf4+ 49. Kg1 Re1+ 0-1

[Event "It (Open) Krakow POL"]
[Site "?"]
[Date "2005.12.31"]
[Round "6"]
[White "Deviatkin Andrei"]
[Black "Bromann Thorbjorn"]
[Result "1/2-1/2"]
[WhiteElo "2528"]
[BlackElo "2357"]
[PlyCount "81"]
[EventDate "2005.??.??"]
[Source "www.chesslib.no"]
[SourceDate "2004.05.04"]

1. c3 b6 2. d4 Bb7 3. Bf4 f5 4. e3 Nf6 5. Nf3 g6 6. Nbd2 Bg7 7. h3 O-O 8. Bd3 e6 9. Qe2 d6 10. O-O-O Nbd7 11. e4 fxe4 12. Nxe4 Nxe4 13. Bxe4 Bxe4 14. Qxe4 Qf6 15. Bg5 Qf5 16. Rhe1 e5 17. Qxf5 Rxf5 18. Bh4 Re8 19. dxe5 Nxe5 20. Kc2 Rff8 21. Nd4 a6 22. Bg3 Kf7 23. f4 Nd7 24. f5 Nc5 25. fxg6+ Kxg6 26. Rxe8 Rxe8 27. Re1 Rxe1 28. Bxe1 Bxd4 29. cxd4 Ne6 30. Kd3 d5 31. Ke3 h5 32. a4 Kf5 33. b4 b5 34. axb5 axb5 35. Bg3 c6 36. Bh4 Nf4 37. Bg3 Ne6 38. Bd6 Ng5 39. Be7 Ne6 40. Bd6 Ng5 41. Bg3 1/2-1/2

[Event "Amsterdam m1"]
[Site "?"]
[Date "2004.07.17"]
[Round "1"]
[White "Duijker Rick"]
[Black "Gagunashvili Merab"]
[Result "0-1"]
[WhiteElo "2288"]
[BlackElo "2580"]
[PlyCount "106"]
[EventDate "2004.??.??"]
[Source "www.chesslib.no"]
[SourceDate "2004.05.04"]

1. c3 e5 2. g3 d5 3. Na3 Nf6 4. d4 e4 5. Bg5 c6 6. Nc2 Bd6 7. e3 Nbd7 8. h4 h6 9. Bf4 Qe7 10. Nh3 Nf8 11. Be2 Ne6 12. Bxd6 Qxd6 13. Nf4 Bd7 14. Qd2 O-O-O 15. h5 Ng5 16. Rh4 Bf5 17. O-O-O Nf3 18. Bxf3 exf3 19. Rf1 g5 20. hxg6 fxg6 21. Nd3 g5 22. Rhh1 Ng4 23. Qd1 h5 24. Nce1 Rdf8 25. Qa4 Kb8 26. Nc5 b6 27. Qb4 Kc8 28. Ncd3 Qxb4 29. Nxb4 Kd7 30. Kd2 Kd6 31. Nbd3 Be4 32. Rh3 c5 33. b4 c4 34. Ne5 Nxe5 35. dxe5+ Kxe5 36. Rfh1 h4 37. gxh4 g4 38. Rg3 Bf5 39. a4 Rh5 40. Nc2 Rfh8 41. Nd4 Bd7 42. Rh2 Ke4 43. Rh1 Rxh4 44. Rhg1 Ke5 45. Ke1 Rh1 46. b5 Rxg1+ 47. Rxg1 Ke4 48. Nc2 Kd3 49. Nb4+ Kxc3 50. Nxd5+ Kc2 51. Nb4+ Kb3 52. Nc6 Bxc6 53. bxc6 c3 0-1

[Event "Bosnjaci CRO, Open 2005"]
[Site "?"]
[Date "2005.??.??"]
[Round "5.3"]
[White "Krstic Uros"]
[Black "Sedlak Nikola"]
[Result "0-1"]
[WhiteElo "2354"]
[BlackElo "2508"]
[PlyCount "68"]
[EventDate "2005.??.??"]
[Source "www.chesslib.no"]
[SourceDate "2004.05.04"]

1. c3 Nf6 2. Nf3 g6 3. g3 Bg7 4. Bg2 O-O 5. O-O d6 6. Re1 e5 7. e4 Nc6 8. d4 h6 9. Nbd2 Re8 10. h3 a5 11. a4 exd4 12. Nxd4 Nd7 13. Nf1 Nc5 14. Nb3 Nxb3 15. Qxb3 Be6 16. Qc2 Qd7 17. Kh2 Rab8 18. Ne3 b5 19. f4 bxa4 20. e5 Bb3 21. Qd3 Rbd8 22. Qa6 Nb8 23. Qxa5 dxe5 24. Ng4 e4 25. Ne5 Nc6 26. Qxa4 Nxe5 27. Qxb3 Nf3+ 28. Bxf3 exf3 29. Re3 f2 30. Kg2 Qxh3+ 31. Kxf2 Qh2+ 32. Kf3 Qh1+ 33. Kf2 Rxe3 34. Qxf7+ Kxf7 0-1

[Event "Corr"]
[Site "?"]
[Date "2003.09.15"]
[Round "?"]
[White "Hebels Albert (NED)"]
[Black "Houwen Piet J. van der (NE"]
[Result "1/2-1/2"]
[WhiteElo "2399"]
[BlackElo "2456"]
[PlyCount "92"]
[EventDate "2003.??.??"]
[Source "www.chesslib.no"]
[SourceDate "2004.05.04"]

1. c3 c5 2. Nf3 Nf6 3. g3 Nc6 4. Bg2 e5 5. d3 d5 6. O-O Be7 7. Nbd2 O-O 8. e4 d4 9. Nc4 Qc7 10. cxd4 cxd4 11. Qc2 Nb4 12. Qb1 Nd7 13. a4 a5 14. Bd2 Nc6 15. Rc1 Nc5 16. Nxa5 Nxa5 17. Bxa5 Rxa5 18. b4 Ra6 19. bxc5 Bxc5 20. a5 Rc6 21. Qb5 Bd7 22. Nd2 Ra8 23. f4 exf4 24. e5 fxg3 25. hxg3 Qxe5 26. Ne4 Rac8 27. Rxc5 Rxc5 28. Qxd7 Rc1+ 29. Rxc1 Rxc1+ 30. Kf2 g6 31. Qd6 Qf5+ 32. Qf4 Rc2+ 33. Kg1 Qxf4 34. gxf4 Ra2 35. Nd6 Rxa5 36. Bxb7 Kg7 37. Kf2 h5 38. Nc4 Rb5 39. Be4 h4 40. Kg2 f5 41. Bc6 Rc5 42. Ba4 g5 43. fxg5 Kg6 44. Nd2 Kxg5 45. Nf3+ Kf4 46. Nxh4 Ke3 1/2-1/2

[Event "Nis Open"]
[Site "Nis YUG"]
[Date "1993.??.??"]
[Round "?"]
[White "Kosic, Dragan"]
[Black "Certic, Branimir"]
[Result "1/2-1/2"]
[WhiteElo "2455"]
[BlackElo "2395"]
[PlyCount "80"]
[EventDate "1993.12.??"]
[Source "www.chesslib.no"]
[SourceDate "2004.05.04"]

1. c3 b6 2. d4 Bb7 3. Bg5 f6 4. Bf4 e6 5. Nd2 d5 6. e3 Nd7 7. Bd3 g6 8. Ngf3 Bg7 9. e4 Ne7 10. Qe2 e5 11. dxe5 fxe5 12. Bg3 O-O 13. exd5 Nxd5 14. Ne4 Nf4 15. Bxf4 exf4 16. O-O-O Qe7 17. Neg5 Rae8 18. Bc4+ Kh8 19. Qxe7 Rxe7 20. Ne6 Rc8 21. Rhe1 Bxf3 22. gxf3 Ne5 23. Bb3 c5 24. Bd5 Bf6 25. Kc2 g5 26. h4 gxh4 27. Nxf4 Rf8 28. Ne6 Rfe8 29. f4 Ng6 30. f5 Ne5 31. Rg1 Nf7 32. Rd3 Nh6 33. Rf3 Rg8 34. Rd1 Nf7 35. Nf4 Rf8 36. Rfd3 Ne5 37. Rh3 Ng4 38. Rf3 Ne5 39. Rh3 Ng4 40. Rf3 Ne5 1/2-1/2

[Event "Eindhoven CC Ch"]
[Site "Eindhoven NED"]
[Date "1987.??.??"]
[Round "?"]
[White "Welling, Gerard"]
[Black "Scheeren, Peter"]
[Result "1-0"]
[WhiteElo "2360"]
[BlackElo "2445"]
[PlyCount "81"]
[EventDate "1987.??.??"]
[Source "www.chesslib.no"]
[SourceDate "2004.05.04"]

1. c3 d5 2. d4 c6 3. Nf3 Bf5 4. Qb3 Qb6 5. Bf4 e6 6. e3 Nd7 7. Nbd2 h6 8. h3 Ngf6 9. Be2 Be7 10. Ne5 Nxe5 11. Bxe5 O-O 12. O-O Nd7 13. Bh2 c5 14. Qxb6 Nxb6 15. dxc5 Bxc5 16. a4 Nc8 17. a5 Bd6 18. c4 Bb4 19. Nf3 Rd8 20. Ra4 Be7 21. cxd5 exd5 22. Nd4 Bd7 23. a6 Bxa4 24. axb7 Nb6 25. bxa8=R Rxa8 26. b3 Bd7 27. Ba6 Bf6 28. Bb7 Re8 29. Rd1 Bc8 30. Bc6 Bd7 31. Bxd7 Nxd7 32. Nb5 Nc5 33. b4 Na6 34. Bd6 Be7 35. Ra1 Nxb4 36. Nc7 Bxd6 37. Nxe8 Bc5 38. Rc1 Bb6 39. Nd6 Nd3 40. Rd1 Nb4 41. Nc8 1-0

[Event "Litomysl Open"]
[Site "Litomysl CZE"]
[Date "1995.??.??"]
[Round "7"]
[White "Dmitriev, Igor"]
[Black "Wieczorek, Zbigniew"]
[Result "1/2-1/2"]
[WhiteElo "2435"]
[BlackElo "2365"]
[PlyCount "73"]
[EventDate "1995.??.??"]
[Source "www.chesslib.no"]
[SourceDate "2004.05.04"]

1. c3 Nf6 2. Nf3 d6 3. d3 e5 4. Nbd2 g6 5. e4 Bg7 6. Be2 O-O 7. O-O Re8 8. a4 c5 9. b4 cxb4 10. cxb4 a5 11. b5 Nbd7 12. Nc4 Bf8 13. Bd2 b6 14. Ne1 d5 15. exd5 Nxd5 16. Bf3 Bb7 17. Nc2 Nc5 18. N2e3 Rb8 19. Nxd5 Bxd5 20. Bxd5 Qxd5 21. Be3 e4 22. d4 Nd3 23. Qb3 Bd6 24. g3 Qe6 25. Rab1 Bc7 26. Rfd1 Nb4 27. Bd2 Nd3 28. Ne3 Qh3 29. Rf1 Nf4 30. Rfe1 Nd3 31. Rf1 Rbd8 32. Nd5 Be5 33. Be3 Bxd4 34. Bxd4 Rxd5 35. Qxd5 Nf4 36. gxf4 Qg4+ 37. Kh1 1/2-1/2

[Event "It"]
[Site "?"]
[Date "2000.10.05"]
[Round "10"]
[White "Gonzalez Renier"]
[Black "Pazos Gambarrotti Plinio"]
[Result "1/2-1/2"]
[WhiteElo "2435"]
[BlackElo "2363"]
[PlyCount "39"]
[EventDate "2000.??.??"]
[Source "www.chesslib.no"]
[SourceDate "2004.05.04"]

1. c3 c5 2. g3 Nf6 3. Bg2 d5 4. d3 Nc6 5. Nd2 e6 6. Ngf3 Be7 7. O-O O-O 8. e4 b5 9. Re1 a5 10. e5 Nd7 11. Nf1 b4 12. h4 Ba6 13. N1h2 a4 14. a3 bxc3 15. bxc3 Rb8 16. Bg5 Rb3 17. Qd2 Qa5 18. Rac1 Rfb8 19. Ng4 Qd8 20. h5 1/2-1/2

[Event "Pola CRO"]
[Site "?"]
[Date "2005.06.24"]
[Round "7.8"]
[White "Van Rijn Wouter"]
[Black "Fercec Nenad"]
[Result "0-1"]
[WhiteElo "2286"]
[BlackElo "2504"]
[PlyCount "78"]
[EventDate "2005.??.??"]
[Source "www.chesslib.no"]
[SourceDate "2004.05.04"]

1. c3 d5 2. d4 Nc6 3. Nf3 Bg4 4. Qb3 Rb8 5. Bf4 Bxf3 6. exf3 e6 7. Nd2 Bd6 8. Bg3 Nf6 9. Rd1 O-O 10. Bd3 e5 11. dxe5 Nxe5 12. Bxe5 Bxe5 13. O-O c5 14. c4 b5 15. cxb5 c4 16. Nxc4 dxc4 17. Bxc4 Qc7 18. g3 Bxb2 19. Rd2 Ba3 20. Rfd1 Bc5 21. a4 Rbc8 22. Rc2 Bb6 23. Qa2 Rcd8 24. Rdc1 Ba5 25. h4 Rd4 26. Kg2 Qd6 27. b6 Bxb6 28. a5 Bd8 29. Bb3 Nd5 30. Re2 g6 31. Rc8 Bf6 32. Ree8 Rxe8 33. Rxe8+ Kg7 34. Ra8 Ne3+ 35. Kg1 Rd1+ 36. Bxd1 Qxd1+ 37. Kh2 Qxf3 38. fxe3 Qxa8 39. a6 Qf3 0-1

[Event "SLO-ch"]
[Site "?"]
[Date "1992.??.??"]
[Round "?"]
[White "Mohr Georg"]
[Black "Podlesnik Bogdan"]
[Result "1-0"]
[WhiteElo "2415"]
[BlackElo "2375"]
[PlyCount "101"]
[EventDate "1992.??.??"]
[Source "www.chesslib.no"]
[SourceDate "2004.05.04"]

1. c3 c5 2. d4 Nf6 3. g3 e6 4. Bg2 d5 5. Nf3 b5 6. O-O Nbd7 7. Ne5 Bb7 8. a4 cxd4 9. cxd4 b4 10. a5 Nxe5 11. dxe5 Nd7 12. f4 Rc8 13. Nd2 Be7 14. Nb3 O-O 15. Be3 a6 16. Nd4 Bc5 17. Kh1 Qe7 18. Qe1 Kh8 19. Bg1 f5 20. Rc1 h6 21. Qd2 Rfe8 22. Rc2 Bxd4 23. Rxc8 Rxc8 24. Bxd4 b3 25. g4 Rc4 26. gxf5 exf5 27. Qd3 Nf8 28. e3 Ne6 29. Rd1 Nxd4 30. exd4 Qb4 31. e6 Rc2 32. Qe3 Qe7 33. Re1 Rxb2 34. Qc3 Ra2 35. Qxb3 Rxa5 36. h3 Bc8 37. Qc3 Ra2 38. Qxc8+ Kh7 39. Qc3 Ra3 40. Qc2 Qh4 41. Qxf5+ g6 42. Qf7+ Kh8 43. Qf8+ Kh7 44. Qxa3 Qxe1+ 45. Kh2 Qxe6 46. Qc5 Qf7 47. Qd6 g5 48. Bxd5 Qxf4+ 49. Qxf4 gxf4 50. Kg2 Kg6 51. Kf3 1-0

[Event "Luzern ol (Men)"]
[Site "Lucerne SUI"]
[Date "1982.??.??"]
[Round "10"]
[White "Rogers, Ian"]
[Black "Helmers, Knut Jaran"]
[Result "0-1"]
[WhiteElo "2365"]
[BlackElo "2425"]
[PlyCount "94"]
[EventDate "1982.10.??"]
[Source "www.chesslib.no"]
[SourceDate "2004.05.04"]

1. c3 Nf6 2. Nf3 b6 3. d4 Bb7 4. Bg5 e6 5. Nbd2 Be7 6. e3 c5 7. a4 Nc6 8. Bd3 Rc8 9. O-O O-O 10. Qe2 d5 11. Ne5 Nxe5 12. dxe5 Nd7 13. Bf4 f6 14. exf6 Bxf6 15. Bg3 c4 16. Bc2 Nc5 17. Rfd1 Qe8 18. e4 Qc6 19. Qg4 Nd3 20. e5 Be7 21. Nf3 d4 22. cxd4 Rf5 23. b3 h5 24. d5 Qxd5 25. bxc4 Rxc4 26. Qxc4 Qxc4 27. Bxd3 Qg4 28. h3 Qg6 29. Bxf5 Qxf5 30. Rd4 Bc5 31. Rf4 Qd3 32. Kh2 a5 33. Ng5 Bd5 34. h4 Qc2 35. Nf7 Be3 36. Nh6+ gxh6 37. Rf6 Qe4 38. Rf3 Bd4 39. Raa3 Bxe5 40. Rae3 Qxa4 41. Bxe5 Bxf3 42. Rxf3 Qxh4+ 43. Rh3 Qe4 44. Re3 Qd5 45. Bc7 a4 46. Bxb6 Qd6+ 47. Rg3+ Kf7 0-1

[Event "Open"]
[Site "?"]
[Date "2001.??.??"]
[Round "?"]
[White "Shilin Denis"]
[Black "Rakhmangulov Andrei"]
[Result "0-1"]
[WhiteElo "2437"]
[BlackElo "2344"]
[PlyCount "116"]
[EventDate "2001.??.??"]
[Source "www.chesslib.no"]
[SourceDate "2004.05.04"]

1. c3 d5 2. g3 Nf6 3. Bg2 c6 4. Nf3 Bf5 5. O-O h6 6. d3 e6 7. Nbd2 Bc5 8. b4 Be7 9. a4 O-O 10. Qb3 Nbd7 11. c4 a5 12. b5 e5 13. cxd5 cxd5 14. Ba3 Bxa3 15. Qxa3 Qb6 16. Nb3 e4 17. Nfd4 Bg6 18. dxe4 Nxe4 19. Rac1 Rfc8 20. Bxe4 Bxe4 21. Qe7 Nf8 22. Qa3 Rc4 23. Rxc4 dxc4 24. Qc5 Nd7 25. Qxc4 Qd6 26. Qc3 Nb6 27. Ra1 Qf6 28. Nc5 Bd5 29. e4 Bc4 30. Nd7 Nxd7 31. Qxc4 Ne5 32. Qe2 Rd8 33. Nb3 Rd3 34. Rb1 g5 35. Qc2 Kg7 36. Qe2 b6 37. Kg2 Qd6 38. Rb2 Qe6 39. Nc1 Rd4 40. Ra2 g4 41. Qb2 Rb4 42. Qa1 Rxe4 43. Ne2 Kh7 44. Qb1 Ng6 45. Nc3 Rc4 46. Nd1 Qd5+ 47. Kg1 Qc5 48. Kg2 Rb4 49. Qd3 Rd4 50. Qb3 Qf5 51. Ra1 Qe4+ 52. f3 Rd2+ 53. Nf2 Rxf2+ 54. Kxf2 Qd4+ 55. Kg2 Qxa1 56. Qxf7+ Qg7 57. Qd5 gxf3+ 58. Qxf3 Nh4+ 0-1

[Event "Corr"]
[Site "?"]
[Date "1998.??.??"]
[Round "?"]
[White "Metz Hartmut"]
[Black "Hofstetter Hans-Joachim"]
[Result "0-1"]
[WhiteElo "2280"]
[BlackElo "2495"]
[PlyCount "46"]
[EventDate "1998.??.??"]
[Source "www.chesslib.no"]
[SourceDate "2004.05.04"]

1. c3 c5 2. d4 e6 3. Nf3 Nc6 4. e3 Nf6 5. Bd3 Be7 6. O-O O-O 7. Nbd2 b6 8. Qe2 Bb7 9. b3 cxd4 10. exd4 Nd5 11. Bc2 f5 12. Bb2 Nf4 13. Qd1 Qe8 14. Nc4 Qh5 15. Ne3 Rf6 16. d5 Ne5 17. c4 Bd6 18. Re1 Nxf3+ 19. Qxf3 Qxf3 20. gxf3 Rg6+ 21. Kh1 Nh3 22. Rf1 Rh6 23. Bxf5 Ng5 0-1

[Event "Bayern-chI Bank Hofmann"]
[Site "Bad Wiessee"]
[Date "1997.11.18"]
[Round "4"]
[White "Hellmayr, Alois"]
[Black "Kempinski, Robert"]
[Result "0-1"]
[WhiteElo "2220"]
[BlackElo "2530"]
[PlyCount "120"]
[EventDate "1997.11.15"]
[Source "ChessBase"]
[SourceDate "1998.03.09"]

1. c3 c5 2. d4 Nf6 3. Nf3 cxd4 4. cxd4 g6 5. Qb3 Bg7 6. g3 O-O 7. Bg2 Nc6 8. Nc3 Na5 9. Qb4 b6 10. Ne5 Bb7 11. Bxb7 Nxb7 12. O-O d6 13. Nf3 Qd7 14. Bg5 Rac8 15. Bxf6 Bxf6 16. Nd5 Bg7 17. Rac1 Qe6 18. Nf4 Qe4 19. Rc3 Rxc3 20. Qxc3 e5 21. dxe5 dxe5 22. Nd3 Qd5 23. Nb4 Qe6 24. e4 Nc5 25. Qe3 Qc4 26. Nc6 Qxa2 27. b4 Nd7 28. Rd1 Nb8 29. Ncxe5 Qb2 30. Qf4 Qxb4 31. Ng4 f5 32. Nh6+ Kh8 33. Rd8 Bxh6 34. Qxb8 fxe4 35. Nd2 e3 36. Qe5+ Bg7 37. Rxf8+ Qxf8 38. Qxe3 h6 39. h4 Qf5 40. Qe8+ Kh7 41. Ne4 b5 42. Qe7 Qe5 43. Qb7 a5 44. g4 g5 45. hxg5 hxg5 46. Ng3 a4 47. Nf5 a3 48. Qh1+ Kg8 49. Qa8+ Bf8 50. Nh6+ Kg7 51. Nf5+ Kf7 52. Qb7+ Be7 53. Nh6+ Kg6 54. Nf5 Bf8 55. Qc6+ Qf6 56. Qe4 a2 57. Nd6+ Kh6 58. Qh1+ Kg7 59. Ne8+ Kf7 60. Nxf6 a1=Q+ 0-1

[Event "Warsaw POL, 5. Amplico AIG"]
[Site "?"]
[Date "2005.12.17"]
[Round "7"]
[White "Bartel Mateusz"]
[Black "Majdan Joanna"]
[Result "1-0"]
[WhiteElo "2513"]
[BlackElo "2232"]
[PlyCount "57"]
[EventDate "2005.??.??"]
[Source "www.chesslib.no"]
[SourceDate "2004.05.04"]

1. c3 c5 2. g3 Nc6 3. Bg2 Nf6 4. f4 d6 5. e4 e5 6. d3 g6 7. Ne2 Bg7 8. O-O O-O 9. c4 Bd7 10. Nbc3 Qc8 11. fxe5 dxe5 12. Bg5 Ne8 13. Nd5 f6 14. Be3 b6 15. Qd2 Nc7 16. Rac1 Ne6 17. Rf2 Rf7 18. Bh6 Qf8 19. Bxg7 Kxg7 20. g4 Ncd4 21. Rcf1 Nxe2+ 22. Qxe2 Bc6 23. Rxf6 Rxf6 24. Rxf6 Nf4 25. Qf2 Qc8 26. Nxf4 Kxf6 27. Nd5+ Kg7 28. Qf6+ Kh6 29. Bf3 1-0

[Event "Corr"]
[Site "?"]
[Date "1998.??.??"]
[Round "?"]
[White "Metz Hartmut"]
[Black "Cruzado Duenas Carlos"]
[Result "1-0"]
[WhiteElo "2360"]
[BlackElo "2385"]
[PlyCount "103"]
[EventDate "1998.??.??"]
[Source "www.chesslib.no"]
[SourceDate "2004.05.04"]

1. c3 d5 2. d4 Nf6 3. Nf3 Bf5 4. Bf4 e6 5. Nbd2 Bd6 6. Bg3 O-O 7. e3 c5 8. Nh4 Bg4 9. f3 Bh5 10. Bxd6 Qxd6 11. g4 Bg6 12. Nxg6 hxg6 13. g5 Nfd7 14. f4 Nc6 15. Qg4 Rac8 16. Bd3 Ne7 17. h4 Nf5 18. Rh3 cxd4 19. exd4 b5 20. a3 a5 21. Bxb5 Rb8 22. a4 Rfc8 23. Rd1 Nf8 24. Nb1 Rb7 25. Rd2 Rbc7 26. Kd1 Nd7 27. Ke2 Nf8 28. Kd3 Qb6 29. Na3 Nd6 30. Rdh2 Ne4 31. c4 f5 32. gxf6 Nxf6 33. c5 Qxc5 34. dxc5 Nxg4 35. Rg2 Nh6 36. c6 Rf7 37. Rc2 Ng4 38. Kd4 Rxf4+ 39. Kc5 Nd7+ 40. Kd6 Ndf6 41. c7 Kf7 42. Kc6 Ne8 43. Kb7 Nd6+ 44. Kb6 Ke7 45. Ba6 Rh8 46. Kxa5 g5 47. c8=Q Nxc8 48. Rxc8 Rxh4 49. Rhc3 Nf2 50. b3 Ne4 51. R3c7+ Kf6 52. Nc2 1-0

[Event "Tenkes Kupa"]
[Site "Harkany"]
[Date "1994.??.??"]
[Round "8"]
[White "Mozes, Ervin"]
[Black "Bukal, Vladimir Jr"]
[Result "1/2-1/2"]
[WhiteElo "2410"]
[BlackElo "2325"]
[PlyCount "120"]
[EventDate "1994.11.??"]
[Source "ChessBase"]

1. c3 d5 2. g3 c6 3. Bg2 Bg4 4. Qb3 Qb6 5. d3 e5 6. Nf3 Nd7 7. h3 Bxf3 8. Bxf3 Ngf6 9. O-O Bd6 10. Nd2 O-O 11. e4 Nc5 12. Qc2 Qa6 13. Be2 b5 14. Re1 Qb6 15. Nb3 dxe4 16. dxe4 Nfxe4 17. Be3 Qc7 18. Bf3 Nxb3 19. axb3 Nc5 20. b4 Nd7 21. Ra6 Nb6 22. Rea1 Nd5 23. Bxa7 Rfd8 24. Qe2 Qb7 25. R6a3 Bc7 26. Bc5 Rxa3 27. Rxa3 Qc8 28. Ra7 Bb8 29. Ra8 Qb7 30. Ra1 f5 31. Bg2 e4 32. Qh5 Qd7 33. Qg5 Re8 34. h4 f4 35. Bd4 Qf7 36. Re1 h6 37. Qg4 e3 38. fxe3 Nxe3 39. Bxc6 Rd8 40. Qf3 Nf5 41. Bc5 fxg3 42. Rf1 g2 43. Qxg2 Rd3 44. Be4 Rg3 45. Rxf5 Qe8 46. Qxg3 Bxg3 47. Rf8+ Qxf8 48. Bd5+ Qf7 49. Bxf7+ Kxf7 50. Bf2 Be5 51. Kg2 Ke6 52. Kf3 g5 53. h5 Kf5 54. Be3 Bf6 55. Kg2 Bg7 56. Bd2 Ke4 57. Kg3 Kd3 58. Be1 Kc2 59. Kg4 Kxb2 60. Kf5 Bxc3 1/2-1/2

[Event "JUG Ch"]
[Site "Banja Vrucica YUG"]
[Date "1991.??.??"]
[Round "?"]
[White "Karaklajic, Nikola"]
[Black "Zakic, Srdjan"]
[Result "1/2-1/2"]
[WhiteElo "2375"]
[BlackElo "2350"]
[PlyCount "130"]
[EventDate "1991.12.??"]
[Source "www.chesslib.no"]
[SourceDate "2004.05.04"]

1. c3 d5 2. d4 Nf6 3. Bg5 Nbd7 4. Nd2 e5 5. dxe5 Nxe5 6. Ngf3 Nxf3+ 7. Nxf3 Be7 8. e3 O-O 9. Bd3 c5 10. Qc2 h6 11. Bxf6 Bxf6 12. Rd1 Bg4 13. Bh7+ Kh8 14. Be4 Bxf3 15. Bxf3 d4 16. O-O Qb6 17. exd4 cxd4 18. c4 Rad8 19. b3 Rfe8 20. Bd5 Re7 21. Rfe1 Rde8 22. Rxe7 Rxe7 23. g3 Qd6 24. Qd2 Qe5 25. Kf1 b6 26. Re1 Qxe1+ 27. Qxe1 Rxe1+ 28. Kxe1 Kg8 29. Kd2 Be7 30. Kd3 Bc5 31. f4 Kf8 32. h4 Ke7 33. Ke2 a5 34. g4 f6 35. h5 Kd6 36. Kd3 Ke7 37. Bf3 Kd6 38. Ke4 Ke6 39. Be2 Kd6 40. Kf5 Ke7 41. Bd3 Kf7 42. Bc2 Ke7 43. Kg6 Kf8 44. Bd3 Bb4 45. Kf5 Ke7 46. Ke4 Bc5 47. Kd5 Kd7 48. Be4 Bd6 49. Kxd4 Bxf4 50. Kd5 Bd6 51. Bf5+ Kc7 52. Ke6 Kc6 53. Kf7 Bf4 54. Kxg7 Bg5 55. Be6 Kc5 56. a3 b5 57. cxb5 Kxb5 58. Kg6 Kc5 59. Kf5 Kb5 60. Bd7+ Kc5 61. Ba4 Kb6 62. b4 axb4 63. axb4 Kc7 64. Ke6 Kb6 65. Be8 Bh4 1/2-1/2

[Event "JUG Team Ch"]
[Site "Nis YUG"]
[Date "1994.??.??"]
[Round "?"]
[White "Jovic, Stanoje"]
[Black "Lazarev, Vladimir"]
[Result "0-1"]
[WhiteElo "2270"]
[BlackElo "2445"]
[PlyCount "64"]
[EventDate "1994.10.??"]
[Source "www.chesslib.no"]
[SourceDate "2004.05.04"]

1. c3 d5 2. d4 g6 3. Bf4 Bg7 4. Qc1 h6 5. Nf3 Nd7 6. Na3 c6 7. h3 Ngf6 8. g4 Ne4 9. Bg2 h5 10. Nd2 Nd6 11. f3 e5 12. dxe5 Qh4+ 13. Kf1 Nxe5 14. Qe1 Qe7 15. Qf2 b6 16. Nc2 Bd7 17. Nb4 g5 18. Bh2 Nec4 19. Nxc4 Nxc4 20. e4 dxe4 21. fxe4 hxg4 22. hxg4 a5 23. Nd3 Bxg4 24. e5 Qd7 25. Be4 Rh3 26. b3 Bf3 27. e6 Qxe6 28. Bxf3 Rxf3 29. Re1 Ne3+ 30. Ke2 Rxf2+ 31. Kxf2 Qf5+ 32. Kxe3 O-O-O 0-1

[Event "1. League TCh-SCG"]
[Site "?"]
[Date "2003.08.30"]
[Round "2"]
[White "Pejovic Jovan"]
[Black "Markus Robert"]
[Result "1/2-1/2"]
[WhiteElo "2204"]
[BlackElo "2500"]
[PlyCount "101"]
[EventDate "2003.??.??"]
[Source "www.chesslib.no"]
[SourceDate "2004.05.04"]

1. c3 f5 2. g3 Nf6 3. Bg2 g6 4. d3 Bg7 5. e4 fxe4 6. dxe4 e5 7. Nh3 d6 8. f3 O-O 9. O-O Nc6 10. Nd2 Kh8 11. b4 Be6 12. Nf2 Qd7 13. Qc2 a5 14. b5 Ne7 15. a4 g5 16. Ba3 Ng6 17. c4 b6 18. Qd3 Bh6 19. Rac1 Rf7 20. Rc2 Raf8 21. Nb1 g4 22. fxg4 Bxg4 23. Nc3 Be6 24. Nd5 Nh5 25. Bc1 Bxc1 26. Rfxc1 Qd8 27. Qe3 Kg8 28. Rf1 Nf6 29. Qh6 Rg7 30. Nd1 Ng4 31. Qd2 Rxf1+ 32. Bxf1 Rf7 33. N5e3 Nxe3 34. Nxe3 Qg5 35. Nd5 Qh5 36. Qe1 Nf8 37. Rf2 Bxd5 38. cxd5 Nd7 39. Rxf7 Kxf7 40. Bg2 Nc5 41. Qf1+ Kg7 42. Qc1 Kf6 43. h4 Qg6 44. Kh2 Ke7 45. Qc2 Qh6 46. Qf2 Qg6 47. Qc2 Qg4 48. Qc1 Qg6 49. Qc3 Kd8 50. Qf3 Ke7 51. Qc3 1/2-1/2